|
|
|
|
| LEADER |
00000nam0a2200000 4500 |
| 001 |
116547 |
| 005 |
20231031123242.0 |
| 010 |
|
|
|a 5743316953
|
| 035 |
|
|
|a (RuTPU)RU\TPU\book\126128
|
| 090 |
|
|
|a 116547
|
| 100 |
|
|
|a 20070523d2006 k y0rusy50 ca
|
| 101 |
0 |
|
|a rus
|
| 102 |
|
|
|a RU
|
| 105 |
|
|
|a a z 001zy
|
| 200 |
1 |
|
|a Анализ, синтез и управление в сложных системах
|e сборник научных трудов
|f Саратовский государственный технический университет; под ред. А. Ф. Резчикова
|
| 210 |
|
|
|a Саратов
|c Изд-во СГТУ
|d 2006
|
| 215 |
|
|
|a 152 с.
|c ил.
|
| 320 |
|
|
|a Библиография в конце глав.
|
| 330 |
|
|
|a Рассмотрены вопросы анализа, синтеза и управления в сложных системах. Решаются проблемы создания автоматизированных систем управления, описаны методы моделирования и выбора структур технических комплексов. Разработаны алгоритмы управления, повышающие эффективность различных технологических процессов. Для работников научных учреждений, вузов и специалистов, занимающихся вопросами проектирования сложных систем, а также для аспирантов и студентов старших курсов соответствующего профиля.
|
| 610 |
1 |
|
|a сложные системы
|
| 610 |
1 |
|
|a анализ
|
| 610 |
1 |
|
|a управление
|
| 610 |
1 |
|
|a инверторы
|
| 610 |
1 |
|
|a импульсные ингаляторы
|
| 610 |
1 |
|
|a импульсные регуляторы
|
| 610 |
1 |
|
|a электроснабжение
|
| 610 |
1 |
|
|a электропитание
|
| 610 |
1 |
|
|a автономные источники
|
| 610 |
1 |
|
|a водоподготовка
|
| 610 |
1 |
|
|a автоматизированные системы
|
| 610 |
1 |
|
|a схемы замещения
|
| 610 |
1 |
|
|a преобразователи частоты
|
| 610 |
1 |
|
|a электромагнитные процессы
|
| 610 |
1 |
|
|a эвакуационные модели
|
| 610 |
1 |
|
|a автоматизация
|
| 610 |
1 |
|
|a математическое моделирование
|
| 610 |
1 |
|
|a сборники
|
| 675 |
|
|
|a 681.51.012
|v 3
|
| 702 |
|
1 |
|a Резчиков
|b А. Ф.
|4 340
|
| 712 |
0 |
2 |
|a Саратовский государственный технический университет
|2 stltpush
|3 (RuTPU)RU\TPU\col\95
|
| 801 |
|
1 |
|a RU
|b 63413507
|c 20070523
|g PSBO
|
| 801 |
|
2 |
|a RU
|b 63413507
|c 20080522
|g PSBO
|
| 900 |
|
|
|a Современные проблемы автоматизации и управления
|
| 942 |
|
|
|c BK
|